Welcome to the Holygrace Academy Library

Please use search bar below to get started

NJANENTE KAKSHI (Record no. 5757)

MARC details
000 -LEADER
fixed length control field 00312nam a22001457a 4500
020 ## - INTERNATIONAL STANDARD BOOK NUMBER
ISBN 978-93-86429-06-3
082 ## - DEWEY DECIMAL CLASSIFICATION NUMBER
Classification number 894.812.1
100 ## - MAIN ENTRY--AUTHOR NAME
Personal name KGS
245 ## - TITLE STATEMENT
Title NJANENTE KAKSHI
260 ## - PUBLICATION, DISTRIBUTION, ETC. (IMPRINT)
Place of publication THRISSUR
Name of publisher CURRENT BOOKS
Year of publication 2017
300 ## - PHYSICAL DESCRIPTION
Number of Pages 143
520 ## - SUMMARY, ETC.
Summary, etc MALAYALAM POEM
650 ## - SUBJECT ADDED ENTRY--TOPICAL TERM
Topical Term MALAYALAM POEM
942 ## - ADDED ENTRY ELEMENTS (KOHA)
Koha item type Books

No items available.